Pedagogické vzdelávanie učiteľov na Ekonomickej univerzite v Bratislave

Kvalita výchovno-vzdelávacieho procesu na vysokej škole závisí od kvality práce vysokoškolského učiteľa. Pedagogická a vedecko-výskumná práca učiteľa sa vzájomne ovplyvňujú a podmieňujú. Vzdelávanie učiteľov VŠ vo vedeckej a pedagogickej oblasti. Pedagogické vzdelávanie vysokoškolských učiteľov na E...

Descrizione completa

Salvato in:
Dettagli Bibliografici
Autore principale: Šlosár, Rudolf
Natura: Capitolo di libro
Lingua:slovacco
Soggetti:
Tags: Aggiungi Tag
Nessun Tag, puoi essere il primo ad aggiungerne!!

MARC

LEADER 00000naa$a2200000$$$4500
001 0208137
005 20240502073448.4
041 0 |a slo 
044 |a SK 
245 1 0 |a Pedagogické vzdelávanie učiteľov na Ekonomickej univerzite v Bratislave  |c Rudolf Šlosár 
520 |a Kvalita výchovno-vzdelávacieho procesu na vysokej škole závisí od kvality práce vysokoškolského učiteľa. Pedagogická a vedecko-výskumná práca učiteľa sa vzájomne ovplyvňujú a podmieňujú. Vzdelávanie učiteľov VŠ vo vedeckej a pedagogickej oblasti. Pedagogické vzdelávanie vysokoškolských učiteľov na EU v Bratislave v minulosti a súčasnosti. 
610 2 0 |a školy vysoké 
610 2 0 |a učitelia 
610 2 0 |a vzdelávanie 
610 2 0 |a Ekonomická univerzita v Bratislave 
100 1 |a Šlosár, Rudolf